| 000 | 01629nam a2200337 a 4500 | ||
|---|---|---|---|
| 001 | ebr10499941 | ||
| 003 | CaPaEBR | ||
| 006 | m u | ||
| 007 | cr cn||||||||| | ||
| 008 | 110609s2011 cau s 000 0 eng d | ||
| 010 | _z 2011023839 | ||
| 020 | _z9781609940935 | ||
| 020 | _z9781609941093 (e-book) | ||
| 040 |
_aCaPaEBR _cCaPaEBR |
||
| 035 | _a(OCoLC)763345634 | ||
| 050 | 1 | 4 |
_aHD66 _b.M5446 2011eb |
| 082 | 0 | 4 |
_a658.4/022 _223 |
| 100 | 1 |
_aMiller, Mark, _d1959- |
|
| 245 | 1 | 4 |
_aThe secret of teams _h[electronic resource] : _bwhat great teams know and do / _cMark Miller. |
| 250 | _a1st ed. | ||
| 260 |
_aSan Francisco : _bBerrett-Koehler Publishers, _cc2011. |
||
| 300 | _aix, 130 p. | ||
| 490 | 1 | _aBK business book | |
| 505 | 0 | _aIntroduction : an amazing journey -- Study the best -- Truth is truth -- The three pillars -- Winning is hard work -- Enlightened self-interest -- The big idea -- Course correction -- No wasted talents -- The goal : results -- Launching a movement -- Harder than it looks -- Change is hard -- The real issue -- A second chance -- The journey continues -- Conclusion : the next step is yours -- High-performance team assessment. | |
| 533 |
_aElectronic reproduction. _bPalo Alto, Calif. : _cebrary, _d2013. _nAvailable via World Wide Web. _nAccess may be limited to ebrary affiliated libraries. |
||
| 650 | 0 | _aTeams in the workplace. | |
| 655 | 7 |
_aElectronic books. _2local |
|
| 710 | 2 | _aebrary, Inc. | |
| 830 | 0 | _aBK business book. | |
| 856 | 4 | 0 |
_uhttp://site.ebrary.com/lib/rucke/Doc?id=10499941 _zAn electronic book accessible through the World Wide Web; click to view |
| 999 |
_c243116 _d243116 |
||